000 00431nam a22001577a 4500
003 BD-DhUIB
005 20251013190353.0
008 251013b |||||||| |||| 00| 0 eng d
040 _aBD-DhUIB
_cBD-DhUIB
050 _a658.4053
082 _222
100 _aCorvette, Barbara A. Budjac.
_91003
245 _aConflict management: a practical guide to developing/
_cby Budjac, Corvette Barbara A.
526 _aBBA.
942 _2ddc
_cBK
999 _c547
_d547